Score 0/55 Timer 10:00
2 Plays Today
% Correct
el brócoli
90.7%
la geografía
90.6%
la historia
90.1%
el autobús
89.4%
la biología
89.3%
el tigre
88.1%
el ojo
87.9%
el álgebra
87.4%
la música
87.1%
la mano
85%
el inglés
84.6%
el avión
84.4%
la coliflor
84.3%
el hospital
84.1%
el domingo
83.9%
el perro
83.6%
el miércoles
83.4%
el restaurante
82.7%
el lunes
82.6%
la biblioteca
82.4%
la boca
82.4%
la bicicleta
82.3%
el sábado
82.1%
el arte
80.8%
el brazo
80.3%
la cabeza
79.8%
el tren
79.7%
el estómago
79.3%
% Correct
la lechuga
78.4%
el sol
77.9%
la luna
76.7%
la espinaca
75.6%
la nariz
75.4%
la casa
74.7%
la física
74.5%
el coche
73.3%
la cebolla
72.8%
la mesa
70.5%
la pierna
69.4%
la zanahoria
66.8%
la vaca
66.5%
la iglesia
66.4%
el dedo
66.3%
el zorro
65%
la química
65%
el armario
64.6%
el barco
60.9%
el cuadrado
60.1%
el cangrejo
59.2%
la silla
58.7%
la espalda
56%
el mono
54.2%
la paloma
52.5%
el repollo
47.7%
el guisante
44.4%
Remove Ads.
Support Sporcle.
Get the best of Sporcle when you Go Orange. This ad-free experience offers more features, more stats, and more fun while also helping to support Sporcle. Thank you for becoming a member.

You're not logged in!

Compare scores with friends on all Sporcle quizzes.
OR
Log In

Show Comments

Extras

Top Quizzes Today


Score Distribution

Your Account Isn't Verified!

In order to create a playlist on Sporcle, you need to verify the email address you used during registration. Go to your Sporcle Settings to finish the process.

Report this User

Report this user for behavior that violates our Community Guidelines.

Details: